|
|
|
|
| LEADER |
01314nam a2200337 a 4500 |
| 001 |
32378 |
| 003 |
BD-DhAAL |
| 008 |
101014s2011 dcua b 001 0 eng |
| 999 |
|
|
|c 38630
|d 38630
|
| 020 |
|
|
|a 9781597268271 (pbk. : alk. paper)
|
| 020 |
|
|
|a 1597268275 (pbk. : alk. paper)
|
| 040 |
|
|
|a DLC
|d BD-DhAAL
|
| 050 |
0 |
0 |
|a HT166
|b .G4413 2011
|
| 082 |
0 |
0 |
|a 711.55
|2 22
|
| 100 |
1 |
|
|a Gehl, Jan,
|d 1936-
|9 24150
|
| 240 |
1 |
0 |
|a Livet mellem husene.
|l English
|
| 245 |
1 |
0 |
|a Life between buildings :
|b using public space /
|c Jan Gehl ; translated by Jo Koch.
|
| 260 |
|
|
|a Washington, DC :
|b Island Press,
|c c2011.
|
| 300 |
|
|
|a 207 pages :
|b illustrations ;
|c 23 cm.
|
| 504 |
|
|
|a Includes bibliographical references and index.
|
| 505 |
0 |
|
|a "Sixth English language version" -- P. 7.
|
| 526 |
|
|
|a AAL
|
| 541 |
|
|
|a Trim Education
|c 32378
|
| 650 |
|
0 |
|a City planning
|x Environmental aspects.
|9 24151
|
| 650 |
|
0 |
|a Public spaces.
|9 24152
|
| 650 |
|
0 |
|a Pedestrian facilities design.
|9 24153
|
| 650 |
|
0 |
|a Open spaces.
|9 24154
|
| 650 |
|
0 |
|a Architecture and society.
|9 24155
|
| 650 |
|
0 |
|a Architecture.
|9 42663
|
| 942 |
|
|
|2 ddc
|c BK
|
| 952 |
|
|
|0 0
|1 0
|2 ddc
|4 0
|6 711_550000000000000_GEH
|7 0
|9 61977
|a BRACUL
|b BRACUL
|c GEN
|d 2017-11-27
|e Trim Education
|g 4253.00
|l 10
|m 129
|o 711.55 GEH
|p 3010032378
|r 2026-02-28
|s 2025-10-15
|t 1
|v 4253.00
|w 2017-11-27
|y BK
|